Communes du Val de Marne - Statistiques

Statistiques générales
  • Ce quiz a été pris 187 fois
    80 depuis la dernière actualisation
  • Le résultat moyen est 27 sur 47
Statistiques - réponses
Nbr d'hab Communes % Correct
92 989 Créteil
94%
48 798 Vincennes
88%
64 001 Ivry sur Seine
85%
45 046 Alfortville
80%
75 441 Saint Maur des Fossés
80%
77 724 Champigny sur Marne
78%
96 205 Vitry sur Seine
78%
20 413 Joinville le Pont
75%
58 068 Maisons Alfort
74%
33 472 Nogent sur Marne
74%
57 753 Villejuif
72%
29 445 Charenton le Pont
71%
21 195 Saint Mandé
71%
46 129 Choisy le Roi
69%
21 557 Arcueil
68%
30 592 Cachan
68%
51 812 Fontenay sous Bois
66%
31 097 Thiais
66%
35 492 Villeneuve Saint Georges
66%
24 380 Le Kremlin Bicêtre
65%
24 482 Orly
65%
17 335 Boissy Saint Léger
60%
18 095 Bry sur Marne
60%
27 622 Sucy en Brie
60%
31 392 L'Haÿ les Roses
58%
18 340 Bonneuil sur Marne
57%
5 669 Rungis
54%
14 411 Saint Maurice
54%
28 780 Fresne
52%
14 453 Valenton
51%
18 295 Chennevières sur Marne
49%
30 669 Villiers sur Marne
49%
19 813 Chevilly-Larue
48%
34 213 Le Perreux sur Marne
48%
18 883 Gentilly
46%
12 074 La Queue en Brie
42%
21 096 Le Plessis Trévise
42%
27 999 Limeil Brévannes
40%
10 589 Ormesson sur Marne
38%
21 129 Villeneuve le Roi
38%
11 650 Villecresnes
37%
6 029 Ablon sur Seine
31%
4 619 Noiseau
31%
3 958 Santeny
26%
4 685 Marolles en Brie
22%
4 876 Mandres les Roses
20%
2 744 Périgny
14%
Aucun quiz correspondant
Distribution des résultats
% des personnes avec chaque résultat
Percentile par nombre de réponses
Votre historique - résultats
Vous n’avez pas pris ce quiz depuis la dernière actualisation